000
00251nam a2200109Ia 4500
008
240625s9999 xx 000 0 und d
041
_a
eng
082
_a
519.535 AND
100
_a
LOWERY JOSEPH W
245
_a
DREAMWEAVER MX 2004 BIBLE
260
_c
2004
999
_c
33100
_d
33100